书目信息 |
| 题名: |
健康教育学学习指导
|
|
| 作者: | 吴纪饶 | |
| 分册: | ||
| 出版信息: | 广西 广西师范大学出版社 2002 |
|
| 页数: | 117 | |
| 开本: | 20cm | |
| 丛书名: | 普通高等学校体育专业主干课程学习指导丛书 | |
| 单 册: | ||
| 中图分类: | R193 | |
| 科图分类: | ||
| 主题词: | 医药卫生组织机构 , 医疗保健事业 | |
| 电子资源: | ||
| ISBN: | 7-5633-3649-4 | |
| 000 | 00666nam0 2200217 450 | |
| 001 | 0736480453 | |
| 005 | 20070817100800.46 | |
| 010 | @a7-5633-3649-4@d¥5.00 | |
| 100 | @a20070817d km y0chiy0120 ea | |
| 101 | 0 | @achi |
| 200 | 1 | @a健康教育学学习指导@Ajian kang jiao yu xue xue xi zhi dao@f吴纪饶@Fwu ji rao |
| 210 | @a广西@c广西师范大学出版社@d2002 | |
| 215 | @a117@d20cm | |
| 225 | 2 | @a普通高等学校体育专业主干课程学习指导丛书 |
| 410 | 0 | @12001 @a普通高等学校体育专业主干课程学习指导丛书 |
| 606 | 0 | @a医药卫生组织机构 |
| 606 | 0 | @a医疗保健事业 |
| 690 | @aR193@v3 | |
| 701 | 0 | @a吴纪饶@Awu ji rao |
| 801 | 0 | @aCN@bPFT@c20070817 |
| 905 | @a213230@dR193@et4@f1 | |
| 健康教育学学习指导/吴纪饶.-广西:广西师范大学出版社,2002 |
| 117;20cm.-(普通高等学校体育专业主干课程学习指导丛书) |
| ISBN 7-5633-3649-4:¥5.00 |
| ● |
| 相关链接 |
|
|
|
|
正题名:健康教育学学习指导
索取号:R193/t4
 
预约/预借
| 序号 | 登录号 | 条形码 | 馆藏地/架位号 | 状态 | 备注 |
| 1 | 6901137 | 269011375 | 密集书库-体育系/ [索取号:R193/t4] | 在馆 |